Catalog

Record Details

Catalog Search



Knihovna Terezínského ghetta : diplomová práce  Cover Image Book Book

Knihovna Terezínského ghetta : diplomová práce / Magdalena Bresťáková ; vedoucí práce František Horák

Record details

  • Physical Description: 56 stran : 4 přílohy ; 31 cm

Content descriptions

General Note:
Kopie diplomové práce
Dissertation Note:
Diplomová práce, Filozofická fakzlta Univerzity Karlovy, Katedra vědeckých informací a knihovnictví, 1983
Bibliography, etc. Note:
Obsahuje bibliografii
Genre: absolventské práce

Available copies

  • 1 of 1 copy available at Common Catalog SPOK.

Holds

  • 0 current holds with 1 total copy.
Show Only Available Copies
Location Call Number / Copy Notes Barcode Shelving Location Status Due Date
The Jewish community of Prague J 494 4638302530 J - Judaika Available -

LDR ntm a22 i 4500
00157242
003CZ-PrJAB
00520240416074646.0
007ta
008240416s1983 xr e 000 0 cze
040 . ‡aABE461 ‡bcze ‡erda
0410 . ‡acze
1001 . ‡aBresťáková, Magdalena ‡4aut
24510. ‡aKnihovna Terezínského ghetta : ‡bdiplomová práce / ‡cMagdalena Bresťáková ; vedoucí práce František Horák
300 . ‡a56 stran : ‡b4 přílohy ; ‡c31 cm
336 . ‡atext ‡btxt ‡2rdacontent
337 . ‡abez média ‡bn ‡2rdamedia
338 . ‡asvazek ‡bnc ‡2rdacarrier
500 . ‡aKopie diplomové práce
502 . ‡aDiplomová práce, Filozofická fakzlta Univerzity Karlovy, Katedra vědeckých informací a knihovnictví, 1983
504 . ‡aObsahuje bibliografii
6530 . ‡aghetto Terezín ‡aknihovna
655 7. ‡aabsolventské práce ‡7ph202176 ‡2czenas
7001 . ‡aHorák, František ‡4ths
7102 . ‡aFilozofická fakzlta Univerzity Karlovy, Katedra vědeckých informací a knihovnictví
910 . ‡aABE461
995 . ‡askn
901 . ‡a57242 ‡bAUTOGEN ‡c57242 ‡tbiblio

Additional Resources